000 00482cam a2200193ua 4500
001 2483
005 20260515113514.0
008 110823n ii |||gr||||Z||||||asm
040 _cMAIN
082 _a398.054162
100 1 _aBardoloi, Nirmal Prabha,
245 1 _aAsamaro loka sanskriti
_cby Nirmal Prabha Bardoloi
250 _a3rd.
260 _aGuahati:
_bBina library,987.
300 _a265p:
_bill;
_c23cm.
653 _aFolklore
653 _aAssamese Culture
942 _cBK
999 _c2336
_d2336